000 00361cam a22001217a 4500
008 180718b1965 xxu||||| |||| 00| 0 eng d
082 _aF51x764 T312/64
100 _aWeeks,O. Douglas
245 _aTexas in 1964: a one-partysState again
_cby O.Douglas Weeks
260 _aAustin
_bInstitute of Public Affairs
_c1965
300 _a35p.
650 _aTexas - Politics
999 _c502096
_d502096